| 000 | 00670nam a2200229 a 4500 | ||
|---|---|---|---|
| 999 |
_c4042 _d4042 |
||
| 001 | 4042 | ||
| 003 | BD-JhCC | ||
| 005 | 20171125134455.0 | ||
| 008 | 171122s2008 bg ||||| ||a| 001 0 ben d | ||
| 020 | _a9847015600426 | ||
| 035 | _a(BD-JhCC)4042 | ||
| 040 |
_aBD-JhCC _dBD-JhCC |
||
| 041 | _aben | ||
| 082 |
_a574.05 _bHOS 2008 |
||
| 100 | _aহোসেন, মোকারম | ||
| 245 |
_aপ্রকৃতি ও প্রাণসম্পদ / _cমোকারম হোসেন |
||
| 260 |
_aঢাকা : _bমাওলা ব্রাদার্স, _c2008. |
||
| 300 |
_a256 p. : _c22 cm. |
||
| 650 | _aBiology | ||
| 942 |
_2ddc _cBK |
||